000 00795nab a2200241 4500
003 BR-BrBNA
005 20250720234106.0
008 250720b bl.||||| |||| 00| 0 por d
040 _aBR-BrBNA
_bpor
072 _aP06 ; P05 ; E13
100 _aSavanachi, Eduardo
245 _aUma colheita de energia
_bAgroeconomia
500 _a8 illus.; 1 graph
650 _aRECURSO RENOVÁVEL
650 _aRECURSO ENERGÉTICO
650 _aENERGIA RENOVÁVEL
650 _aELETRICIDADE
650 _aBIOCOMBUSTÍVEL
650 _aINVESTIMENTO
773 0 _01706
_9347978
_dSão Paulo-SP Editora Três Ltda - E-mail: luizfsa@revistadinheiro.com.br 2004
_o2025-0477
_tDinheiro Rural (Brazil)
_x1807-3700
_gv. 6(73) p. 34-36; (Nov 2010)
_wBR2025003843
942 _cANA
999 _c334001
_d334001